000 01424nmm a2200301 a 4500
001 0000021868
003 CO-CtgCURN
005 20250429224112.0
007 co cga---uuuuu
007 ta
008 160627s2008 i eng d
020 _a9789587161847
040 _aCO-CtgCURN
_bspa
_ccoctgcurn
082 0 _a363.5
_bV837
245 0 0 _aVivencia social en Colombia
_h[electronic resource] :
_buna mirada desde su legislacion 1918-2005 /
_ceditora Olga Lucia Ceballos Ramos.
260 _aBogotá :
_bPontificia Universidad Javeriana,
_c2008.
300 _a277 p. +
_eCd -. Rom.
336 _2rdacontent
337 _2rdamedia
_asin mediacion
_bn
338 _2rdacarrier
_avolumen
_bnc
504 _aReferencias bibliograficas (p. 271-277)
505 8 _aEl inicio de la Acción estatal frente al problema de la vivienda. El enfasis en el higienismo (1918-1942).--La institucionalizacion de la Acción estatal frente al problema de la vivienda (1942-1965).--La transicion en el manejo institucional del problema de la vivienda 1965-1972.--La creacion de las corporaciones de ahorro y vivienda (1972-1990).--El sistema nacional de vivienda de interes social (1990-2007)
650 1 4 _aPolítica de vivienda
_y1918-2005
_zColombia.
700 1 _aCeballos Ramos, Olga Lucia.
908 _a160627
942 _cBK
_h363.5
_iV837
_2ddc
999 _c39022
_d39022